[Event "XXXI Open Eporediese"]
[Site "Ivrea ITA"]
[Date "2014.01.30"]
[Round "1"]
[White "Castaldo, Antonio"]
[Black "Chiarotto, Filippo"]
[WhiteElo "1574"]
[BlackElo "2089"]
[Result "1/2-1/2"]
[PlyCount "47"]
[EventDate "2014.01.30"]

1. Nf3 d5 2. g3 c5 3. d3 Nc6 4. Bg2 e5 5. Nc3 Nf6 6. O-O Be7 7. e4 d4 8. Ne2 h6
9. Ne1 g5 10. f4 Ng4 11. f5 Nf6 12. h3 Qb6 13. b3 Bd7 14. a3 O-O-O 15. Kh2 Rdg8
16. Bd2 Bd6 17. c4 dxc3 18. Bxc3 Kb8 19. Rb1 Rc8 20. Nc2 Rhd8 21. b4 cxb4 22.
axb4 Qc7 23. Qd2 Be8 24. Rfc1 1/2-1/2

[Event "XXXI Open Eporediese"]
[Site "Ivrea ITA"]
[Date "2014.01.30"]
[Round "1"]
[White "Ranieri, Fabrizio"]
[Black "Pane, Gabriele"]
[WhiteElo "2278"]
[BlackElo "1662"]
[Result "1-0"]
[PlyCount "51"]
[EventDate "2014.01.30"]

1. e4 e6 2. d4 d5 3. Nc3 Bb4 4. a3 Bxc3+ 5. bxc3 dxe4 6. Qg4 Nf6 7. Qxg7 Rg8 8.
Qh6 c5 9. Ne2 Rg6 10. Qe3 Qc7 11. Bd2 b6 12. Nf4 Rg8 13. Bb5+ Bd7 14. Bxd7+
Nbxd7 15. O-O Qc6 16. Qh3 Ke7 17. a4 Rac8 18. a5 b5 19. Rae1 Rg4 20. d5 exd5
21. f3 Rg7 22. fxe4 dxe4 23. Nh5 Nxh5 24. Qxh5 Rcg8 25. g3 Kf8 26. Bh6 1-0

[Event "XXXI Open Eporediese"]
[Site "Ivrea ITA"]
[Date "2014.02.13"]
[Round "3"]
[White "Bogatto, Mario"]
[Black "Giachino, Adriano"]
[WhiteElo "1413"]
[BlackElo "1567"]
[Result "0-1"]
[PlyCount "35"]
[EventDate "2014.01.30"]

1. e4 c5 2. c3 e5 3. Nf3 Nc6 4. Bb5 d6 5. O-O Nf6 6. d3 Be7 7. Be3 Bg4 8. Nbd2
O-O 9. Bxc6 bxc6 10. Qc2 Re8 11. h3 Bh5 12. Nh2 d5 13. f3 Bg6 14. Rad1 Nh5 15.
Bf2 Bh4 16. Nb3 Qg5 17. Qd2 Nf4 18. Kh1 0-1

[Event "XXXI Open Eporediese"]
[Site "Ivrea ITA"]
[Date "2014.02.15"]
[Round "3"]
[White "Castaldo, Antonio"]
[Black "Paonessa, Denis"]
[WhiteElo "1574"]
[BlackElo "1823"]
[Result "0-1"]
[PlyCount "52"]
[EventDate "2014.01.30"]

1. Nc3 c5 2. Nf3 d6 3. g3 Nf6 4. Bg2 g6 5. d3 Bg7 6. O-O O-O 7. e4 Nc6 8. Bd2
Rb8 9. Rb1 b5 10. Ne1 b4 11. Ne2 a5 12. e5 Nxe5 13. f4 Ned7 14. Nf3 a4 15. Re1
Ba6 16. c4 bxc3 17. Bxc3 Nb6 18. Ba5 Qd7 19. Nc3 Nfd5 20. Ng5 Bd4+ 21. Kh1 Ne3
22. Qe2 Nxg2 23. Kxg2 Bb7+ 24. Nf3 Nd5 25. Nd1 Nxf4+ 26. gxf4 Qg4+ 0-1

[Event "XXXI Open Eporediese"]
[Site "Ivrea ITA"]
[Date "2014.02.13"]
[Round "3"]
[White "Catalfamo, Santo"]
[Black "Bellafiore, Enzo"]
[WhiteElo "1758"]
[BlackElo "1763"]
[Result "0-1"]
[PlyCount "104"]
[EventDate "2014.01.30"]

1. b3 Nf6 2. Bb2 e6 3. Nf3 b6 4. d3 d5 5. Nbd2 Nbd7 6. g3 Be7 7. Bg2 Bb7 8. O-O
c5 9. e3 Qc7 10. Rc1 O-O 11. Qe2 Rfe8 12. c4 Rad8 13. Rc2 e5 14. cxd5 Nxd5 15.
a3 Qb8 16. e4 Nc7 17. Nxe5 Ne6 18. Ndf3 Nf6 19. Nc4 Ba6 20. Nfe5 Bxc4 21. Rxc4
Qc8 22. Nf3 b5 23. Rc2 Qa6 24. Rfc1 b4 25. axb4 cxb4 26. Ne5 Nd4 27. Bxd4 Rxd4
28. Nc6 Rd7 29. Bf1 Bf8 30. f3 Nd5 31. d4 Qa3 32. Qd3 Nc3 33. Qc4 a5 34. Ne5
Ra7 35. Bh3 Ree7 36. Nc6 Rec7 37. d5 Bd6 38. f4 a4 39. bxa4 Rxa4 40. Rxc3 bxc3
41. Qxc3 Qxc3 42. Rxc3 Rxe4 43. Kf2 Kf8 44. Rc2 h5 45. Ra2 Bc5+ 46. Kf1 g6 47.
Ra5 h4 48. Nb8 Bb4 49. Nd7+ Kg7 50. Ne5 Rc2 51. Nd3 Rxh2 52. Nxb4 Rxb4 0-1

[Event "XXXI Open Eporediese"]
[Site "Ivrea ITA"]
[Date "2014.02.13"]
[Round "3"]
[White "Chiarotto, Filippo"]
[Black "Bellotti, Giuseppe"]
[WhiteElo "2089"]
[BlackElo "1717"]
[Result "1-0"]
[PlyCount "75"]
[EventDate "2014.01.30"]

1. e4 e5 2. Nc3 Nf6 3. Bc4 Nxe4 4. Qh5 Nd6 5. Bb3 Be7 6. Qxe5 O-O 7. Nge2 b6 8.
d4 Nc6 9. Qh5 Ba6 10. Bf4 Ne8 11. O-O-O Na5 12. Rhe1 Nxb3+ 13. axb3 Nf6 14. Qf3
d5 15. g4 Bb7 16. g5 Ne4 17. Nxe4 dxe4 18. Qg3 Bd6 19. h4 Re8 20. h5 Qe7 21.
Nc3 Bxf4+ 22. Qxf4 Qd6 23. Qxd6 cxd6 24. Nb5 Rad8 25. Nxa7 Re7 26. Nb5 Bc6 27.
Nc3 Ra8 28. d5 Bd7 29. Rxe4 Ra1+ 30. Kd2 Rxd1+ 31. Kxd1 Rxe4 32. Nxe4 Bg4+ 33.
Kd2 Bxh5 34. Nxd6 Bf3 35. c4 h5 36. gxh6 gxh6 37. Nf5 h5 38. d6 1-0

[Event "XXXI Open Eporediese"]
[Site "Ivrea ITA"]
[Date "2014.02.15"]
[Round "3"]
[White "Pane, Gabriele"]
[Black "Grosso, Giacomo"]
[WhiteElo "1662"]
[BlackElo "1346"]
[Result "1-0"]
[PlyCount "47"]
[EventDate "2014.01.30"]

1. d4 Nf6 2. c4 c5 3. d5 e6 4. Nc3 exd5 5. cxd5 d6 6. Bg5 g6 7. e4 Bg7 8. Qd2
h6 9. Bf4 Nbd7 10. f3 Ne5 11. Bxe5 dxe5 12. Bc4 a6 13. a4 O-O 14. Nge2 Re8 15.
O-O Be6 16. Qe3 Bd7 17. Qxc5 Rc8 18. Qb4 a5 19. Qb3 Qc7 20. Bb5 Qc5+ 21. Kh1
Bxb5 22. Qxb5 Qxb5 23. axb5 b6 24. Ra4 1-0

[Event "XXXI Open Eporediese"]
[Site "Ivrea ITA"]
[Date "2014.02.13"]
[Round "3"]
[White "Ranieri, Fabrizio"]
[Black "Barocelli, Carlo"]
[WhiteElo "2278"]
[BlackElo "1947"]
[Result "1-0"]
[PlyCount "69"]
[EventDate "2014.01.30"]

1. e4 d5 2. exd5 Qxd5 3. Nf3 Nf6 4. d4 Bf5 5. Be2 e6 6. O-O c6 7. c4 Qa5 8. Nc3
Bb4 9. Bd2 Nbd7 10. a3 Bxc3 11. Bxc3 Qc7 12. Rc1 O-O 13. Nh4 Rfd8 14. Nxf5 exf5
15. d5 cxd5 16. cxd5 Qd6 17. Bf3 Rac8 18. Re1 b6 19. h3 Re8 20. Qd3 g6 21.
Rxe8+ Rxe8 22. Qa6 Ne5 23. Bxe5 Qxe5 24. b4 Ne4 25. Bxe4 Qxe4 26. Qxa7 Qxd5 27.
Qxb6 Qd2 28. Qc5 Re1+ 29. Rxe1 Qxe1+ 30. Kh2 Qa1 31. b5 f4 32. b6 f3 33. b7
fxg2 34. b8=Q+ Kg7 35. Qbf8+ 1-0

[Event "XXXI Open Eporediese"]
[Site "Ivrea ITA"]
[Date "2014.02.20"]
[Round "4"]
[White "Barocelli, Carlo"]
[Black "Castaldo, Antonio"]
[WhiteElo "1947"]
[BlackElo "1574"]
[Result "1-0"]
[PlyCount "47"]
[EventDate "2014.01.30"]

1. d4 Nf6 2. Nf3 g6 3. c4 d6 4. Nc3 Bg7 5. e4 O-O 6. Bd3 Nc6 7. O-O e5 8. d5
Ne7 9. b4 Ne8 10. Qc2 f5 11. a4 Nf6 12. Nd2 f4 13. c5 h5 14. cxd6 cxd6 15. Ba3
a6 16. b5 a5 17. Nc4 Ne8 18. b6 Rf6 19. Nb5 g5 20. Na7 g4 21. Nxa5 h4 22. Rac1
Qxb6 23. Nxc8 Nxc8 24. Nc4 1-0

[Event "XXXI Open Eporediese"]
[Site "Ivrea ITA"]
[Date "2014.02.20"]
[Round "4"]
[White "Bellotti, Giuseppe"]
[Black "Bellafiore, Enzo"]
[WhiteElo "1717"]
[BlackElo "1763"]
[Result "0-1"]
[PlyCount "42"]
[EventDate "2014.01.30"]

1. e4 c5 2. f4 Nc6 3. Nf3 e6 4. Bb5 Nge7 5. O-O g6 6. c3 a6 7. Bxc6 Nxc6 8. d3
Bg7 9. Be3 b6 10. Nbd2 O-O 11. Qb3 d5 12. Kh1 d4 13. cxd4 Nxd4 14. Nxd4 Bxd4
15. Bxd4 Qxd4 16. Nf3 Qd8 17. Rad1 Qc7 18. a4 Bb7 19. Ne5 Rad8 20. Nc4 Rd4 21.
Nxb6 Rb4 0-1

[Event "XXXI Open Eporediese"]
[Site "Ivrea ITA"]
[Date "2014.02.20"]
[Round "4"]
[White "Giachino, Adriano"]
[Black "Catalfamo, Santo"]
[WhiteElo "1567"]
[BlackElo "1758"]
[Result "0-1"]
[PlyCount "66"]
[EventDate "2014.01.30"]

1. e4 e6 2. d4 b6 3. c4 Bb7 4. Nc3 Bb4 5. Bd3 Nf6 6. a3 Bxc3+ 7. bxc3 Nxe4 8.
Qg4 f5 9. Qh5+ g6 10. Qh6 Qe7 11. Bxe4 Bxe4 12. Bg5 Qf7 13. Nf3 Bxf3 14. gxf3
Nc6 15. O-O-O d6 16. d5 Ne5 17. f4 Nf3 18. Rd3 Nxg5 19. Qxg5 O-O 20. Re1 Rae8
21. Rde3 exd5 22. Rxe8 Rxe8 23. Rxe8+ Qxe8 24. cxd5 a5 25. Kd2 Kg7 26. h4 h6
27. Qg3 Qe4 28. Qe3 Qxd5+ 29. Ke1 Qe4 30. Qxe4 fxe4 31. Ke2 Kf6 32. Ke3 Kf5 33.
f3 d5 0-1

[Event "XXXI Open Eporediese"]
[Site "Ivrea ITA"]
[Date "2014.02.21"]
[Round "4"]
[White "Grosso, Giacomo"]
[Black "Bogatto, Mario"]
[WhiteElo "1346"]
[BlackElo "1413"]
[Result "0-1"]
[PlyCount "62"]
[EventDate "2014.01.30"]

1. d4 d5 2. c4 e6 3. Nc3 Nf6 4. Nf3 c6 5. e3 Nbd7 6. Qc2 Bb4 7. Be2 Bxc3+ 8.
Qxc3 O-O 9. O-O Ne4 10. Qc2 Ndf6 11. Ne5 dxc4 12. Bxc4 Nd6 13. Bd3 Nf5 14. b3
Nd5 15. Ba3 Re8 16. e4 Nxd4 17. Qc4 Nf6 18. Bb2 Nb5 19. a4 Nd6 20. Qc3 Ndxe4
21. Bxe4 Nxe4 22. Qe3 Nf6 23. Qc3 Nd5 24. Qf3 Qf6 25. Qxf6 Nxf6 26. Rfd1 Nd5
27. Rd2 f6 28. Nd3 b6 29. Ba3 Ba6 30. Nb4 Bb7 31. Nxd5 exd5 0-1

[Event "XXXI Open Eporediese"]
[Site "Ivrea ITA"]
[Date "2014.03.13"]
[Round "6"]
[White "Paonessa, Denis"]
[Black "Bellafiore, Enzo"]
[WhiteElo "1823"]
[BlackElo "1763"]
[Result "0-1"]
[PlyCount "64"]
[EventDate "2014.01.30"]

1. d4 e6 2. c4 d5 3. Nc3 a6 4. Nf3 Nf6 5. Bg5 Be7 6. e3 O-O 7. cxd5 exd5 8. Rc1
b5 9. Bd3 Bb7 10. O-O Nbd7 11. Qc2 Re8 12. a3 Rc8 13. Rfe1 c5 14. dxc5 Rxc5 15.
Nd4 Ne4 16. Bxe7 Qxe7 17. Qe2 Nxc3 18. Rxc3 Rxc3 19. bxc3 Qxa3 20. Nf5 Nf6 21.
g4 g6 22. g5 Ne4 23. Nh6+ Kg7 24. Bxe4 Rxe4 25. f4 Qxc3 26. Kf2 d4 27. f5 dxe3+
28. Kg3 Qc7+ 29. Kh3 Bc8 30. Qb2+ Qe5 31. Qb3 Bxf5+ 32. Kg2 Be6 0-1

[Event "XXXI Open Eporediese"]
[Site "Ivrea ITA"]
[Date "2014.03.13"]
[Round "6"]
[White "Ranieri, Fabrizio"]
[Black "Catalfamo, Santo"]
[WhiteElo "2278"]
[BlackElo "1758"]
[Result "1-0"]
[PlyCount "33"]
[EventDate "2014.01.30"]

1. e4 e6 2. d4 b6 3. c4 Bb7 4. Nc3 Nf6 5. Bd3 Bb4 6. Qe2 Nc6 7. Nf3 O-O 8. O-O
Bxc3 9. bxc3 d6 10. e5 dxe5 11. dxe5 Nd7 12. Bxh7+ Kxh7 13. Ng5+ Kg8 14. Qh5
Re8 15. Qxf7+ Kh8 16. Qh5+ Kg8 17. Qh7+ 1-0

[Event "XXXI Open Eporediese"]
[Site "Ivrea ITA"]
[Date "2014.03.20"]
[Round "7"]
[White "Bellafiore, Enzo"]
[Black "Chiarotto, Filippo"]
[WhiteElo "1763"]
[BlackElo "2089"]
[Result "1-0"]
[PlyCount "61"]
[EventDate "2014.01.30"]

1. e4 c5 2. Nc3 a6 3. f4 e6 4. Nf3 d5 5. d3 Nf6 6. Be2 d4 7. Nb1 Nc6 8. Nbd2 b5
9. O-O Bb7 10. e5 Nd5 11. Ne4 Be7 12. c4 bxc4 13. dxc4 Nb6 14. Bd3 Nb4 15. b3
Qc7 16. a3 Nxd3 17. Qxd3 Qc6 18. Re1 a5 19. Bd2 a4 20. b4 cxb4 21. Bxb4 Qxc4
22. Qxd4 Qxd4+ 23. Nxd4 Bxb4 24. axb4 Bxe4 25. Rxe4 O-O-O 26. Nb5 Rd7 27. Nd6+
Kb8 28. Rc1 Rhd8 29. Rc6 Ka7 30. b5 Rb8 31. Rxa4+ 1-0

[Event "XXXI Open Eporediese"]
[Site "Ivrea ITA"]
[Date "2014.03.20"]
[Round "7"]
[White "Catalfamo, Santo"]
[Black "Grosso, Giacomo"]
[WhiteElo "1758"]
[BlackElo "1346"]
[Result "1-0"]
[PlyCount "85"]
[EventDate "2014.01.30"]

1. b3 d5 2. Bb2 c5 3. e3 Nc6 4. Bb5 Bd7 5. a3 a6 6. Be2 e6 7. Nf3 Nf6 8. O-O
Be7 9. c4 O-O 10. Qc2 Re8 11. Nc3 g6 12. Rad1 Bf8 13. d4 cxd4 14. exd4 Qc7 15.
Rfe1 Bg7 16. g3 Re7 17. Bf1 Rc8 18. Rc1 Ree8 19. Bg2 Nh5 20. Qd3 Qb6 21. Na4
Qc7 22. Nc5 Ra8 23. cxd5 exd5 24. Nxd7 Rxe1+ 25. Rxe1 Qxd7 26. Ne5 Nxe5 27.
dxe5 Rd8 28. Qd4 Qb5 29. g4 Qa5 30. Rd1 Re8 31. gxh5 Bxe5 32. Qe3 Bxh2+ 33.
Kxh2 Rxe3 34. fxe3 Qc7+ 35. Kg1 Qc2 36. Rxd5 Qxb2 37. h6 f6 38. Rd8+ Kf7 39.
Rb8 f5 40. Rxb7+ Kg8 41. Bd5+ Kf8 42. Rf7+ Kg8 43. Rxf5+ 1-0

[Event "XXXI Open Eporediese"]
[Site "Ivrea ITA"]
[Date "2014.03.21"]
[Round "7"]
[White "Pane, Gabriele"]
[Black "Barocelli, Carlo"]
[WhiteElo "1662"]
[BlackElo "1947"]
[Result "1/2-1/2"]
[PlyCount "119"]
[EventDate "2014.01.30"]

1. d4 Nf6 2. c4 g6 3. Nc3 Bg7 4. e4 d6 5. f3 O-O 6. Bg5 h6 7. Be3 e5 8. d5 Nbd7
9. Qd2 h5 10. Bd3 Nc5 11. Bc2 Nh7 12. Bh6 Bxh6 13. Qxh6 Qg5 14. Qxg5 Nxg5 15.
Nb5 Na6 16. Ne2 Bd7 17. Nec3 Rfc8 18. a3 Nb8 19. a4 Na6 20. Kd2 Nb4 21. Na2
Nxc2 22. Kxc2 f5 23. Nbc3 a6 24. Nb4 Rf8 25. Rhf1 Rf7 26. Nd3 Raf8 27. Rfe1 f4
28. Kd2 Nh7 29. b4 g5 30. h3 g4 31. hxg4 hxg4 32. Rh1 gxf3 33. gxf3 Rg7 34.
Rag1 Rf6 35. Rxg7+ Kxg7 36. Rg1+ Rg6 37. Rxg6+ Kxg6 38. Ke2 Ng5 39. Nf2 Kh5 40.
b5 Kh4 41. Nb1 Be8 42. Nd2 Bh5 43. Nd3 Kg3 44. Nf1+ Kg2 45. Ne1+ Kg1 46. Nd2
Be8 47. Nd3 axb5 48. axb5 c6 49. bxc6 bxc6 50. dxc6 Bxc6 51. c5 dxc5 52. Nxe5
Bb5+ 53. Kd1 Kg2 54. Ng6 Ne6 55. Kc2 Nd4+ 56. Kc3 Kg3 57. e5 Nxf3 58. Ne4+ Kg4
59. Nxc5 Nxe5 60. Nxe5+ 1/2-1/2

[Event "XXXI Open Eporediese"]
[Site "Ivrea ITA"]
[Date "2014.03.21"]
[Round "7"]
[White "Paonessa, Denis"]
[Black "Bogatto, Mario"]
[WhiteElo "1823"]
[BlackElo "1413"]
[Result "1-0"]
[PlyCount "71"]
[EventDate "2014.01.30"]

1. d4 Nf6 2. c4 e6 3. Nc3 d5 4. Bg5 Be7 5. e3 dxc4 6. Bxc4 c6 7. Nf3 Nd5 8.
Bxe7 Qxe7 9. O-O O-O 10. e4 Nxc3 11. bxc3 Nd7 12. e5 Nb6 13. Bd3 Nd5 14. Bc2
Nf4 15. h4 g6 16. Ng5 f6 17. exf6 Rxf6 18. Re1 Qf8 19. Bb3 Nd5 20. Qc2 h6 21.
Nf3 Qg7 22. Ne5 h5 23. Rad1 Ne7 24. Qe4 Nf5 25. Nf3 Nh6 26. Ng5 Ng4 27. Bxe6+
Kh8 28. Bxg4 Bxg4 29. f3 Bf5 30. Qe7 Raf8 31. Qxg7+ Kxg7 32. Re7+ Kg8 33. Rxb7
a6 34. Re1 Bc8 35. Rc7 Rf5 36. Ree7 1-0